Statistics for Newest US States

Click here to take the quiz!

General Stats

  • This quiz has been taken 27 times
  • The average score is 12 of 14

Answer Stats

Statehood YearState% Correct
1959Alaska/Hawaii
100%
1912Arizona/New Mexico
96%
1876Colorado
96%
1890Idaho/Wyoming
96%
1889Montana/North Dakota/South Dakota/Washington
96%
1896Utah
92%
1907Oklahoma
88%
1859Oregon
88%
1850California
83%
1861Kansas
83%
1867Nebraska
83%
1858Minnesota
71%
1864Nevada
71%
1863West Virginia
58%

Score Distribution

Percentile by Number Answered

Percent of People with Each Score

Your Score History

You have not taken this quiz